000 00759nam a2200253 a 4500
001 70294
003 BD-RjUL
005 20211209082001.0
008 170417s nyu 001 0 eng d
035 _a(BD-RjUL)70508
040 _aDLC
_cDLC
_dBD-RjUL
_beng
041 _aeng
082 0 0 _a575.6
_223
_bRUI 1930
100 1 _aRussell, E. S.
_q(Edward Stuart),
_d1887-1954.
_9208165
245 1 4 _aThe interpretation of development and heredity :
_ba study in biological method /
_cby E. S. Russell.
260 _aOxford :
_bUniversity Press,
_c1930.
300 _a312 p. :
_c23 cm.
500 _aIncludes Index.
650 0 _aOntogeny.
_9208166
650 0 _aHeredity.
_9208167
650 0 _aCells.
_9208168
942 _2ddc
_cBK
999 _c70294
_d70294